La activación de los costos financieros en la RT 54 NUA (Registro nro. 10682)

Detalles MARC
000 -LEADER
fixed length control field 00349 a2200109 4500
001 - CONTROL NUMBER
control field ART_62026
005 - DATE AND TIME OF LATEST TRANSACTION
control field 20260410161611.0
008 - FIXED-LENGTH DATA ELEMENTS--GENERAL INFORMATION
fixed length control field 260409a
100 1# - MAIN ENTRY--PERSONAL NAME
Personal name Suardi, Diana
245 10 - TITLE STATEMENT
Title La activación de los costos financieros en la RT 54 NUA
773 0# - HOST ITEM ENTRY
Title Profesional & Empresaria
Related parts - Año XXVI, Nº 300 (nov./dic. 2024)
Record control number REV70

No hay ítems disponibles.